Catálogo

Research methodology : (Registro nro. 69856)

Detalles MARC
000 -LEADER
fixed length control field 01243cam a2200325 i 4500
001 - CONTROL NUMBER
control field 69856
003 - CONTROL NUMBER IDENTIFIER
control field Mx-PuUPA
005 - DATE AND TIME OF LATEST TRANSACTION
control field 20230524114137.0
008 - FIXED-LENGTH DATA ELEMENTS--GENERAL INFORMATION
fixed length control field 220720s2019 caua|||gr|||| 001 0 eng d
020 ## - INTERNATIONAL STANDARD BOOK NUMBER
International Standard Book Number 9781526449900
Qualifying information rústica
020 ## - INTERNATIONAL STANDARD BOOK NUMBER
International Standard Book Number 9781526449894
040 ## - CATALOGING SOURCE
Original cataloging agency Mx-PuUPA
Language of cataloging spa
Transcribing agency Mx-PuUPA
Modifying agency Mx-PuUPA
Description conventions rda
041 0# - LANGUAGE CODE
Language code of text/sound track or separate title eng
100 1# - MAIN ENTRY--PERSONAL NAME
Personal name Kumar, Ranjit,
Relator term autor
9 (RLIN) 13038
245 10 - TITLE STATEMENT
Title Research methodology :
Remainder of title a step by step guide for beginners /
Statement of responsibility, etc. Ranjit Kumar
250 ## - EDITION STATEMENT
Edition statement Fifth edition
264 #1 - PRODUCTION, PUBLICATION, DISTRIBUTION, MANUFACTURE, AND COPYRIGHT NOTICE
Place of production, publication, distribution, manufacture London :
Name of producer, publisher, distributor, manufacturer SAGE Publications,
Date of production, publication, distribution, manufacture, or copyright notice 2019
300 ## - PHYSICAL DESCRIPTION
Extent xxi, 503 páginas :
Other physical details ilustraciones ;
Dimensions 19 cm
336 ## - CONTENT TYPE
Fuente rdacontent
Content type term texto
Content type code txt
337 ## - MEDIA TYPE
Source rdamedia
Media type term sin medio
Media type code n
338 ## - CARRIER TYPE
Source rdacarrier
Carrier type term volumen
Carrier type code nc
650 #7 - SUBJECT ADDED ENTRY--TOPICAL TERM
Source of heading or term armarc
Topical term or geographic name entry element Metodología de la investigación
650 #7 - SUBJECT ADDED ENTRY--TOPICAL TERM
Source of heading or term armarc
Topical term or geographic name entry element Ciencias sociales
General subdivision Investigación
Form subdivision Metodología
942 ## - ADDED ENTRY ELEMENTS (KOHA)
Source of classification or shelving scheme Dewey Decimal Classification
Koha item type Libro
Classification part 001.42
Item part K9636
Existencias
Withdrawn status Lost status Source of classification or shelving scheme Damaged status Not for loan Collection code Home library Current library Shelving location Date acquired Source of acquisition Cost, normal purchase price Total Checkouts Full call number Barcode Date last seen Cost, replacement price Price effective from Koha item type Copy number Date last checked out
    Dewey Decimal Classification     General Biblioteca Karol Wojtyla Biblioteca Karol Wojtyla Sala general 06/08/2024 2 1264.41   001.42 K9636 2019 102929 05/01/2026 1264.41 06/08/2024 Libro    
    Dewey Decimal Classification     General Biblioteca Karol Wojtyla Biblioteca Karol Wojtyla Sala general 06/08/2024 2 1264.41   001.42 K9636 2019 102930 05/01/2026 1264.41 06/08/2024 Libro Ej.2  
    Dewey Decimal Classification     General Biblioteca Karol Wojtyla Biblioteca Karol Wojtyla Sala general 08/12/2022 2 1183.42   001.42 K9636 2019 103190 05/01/2026 1183.42 08/12/2022 Libro Ej.3  
    Dewey Decimal Classification     General Biblioteca Karol Wojtyla Biblioteca Karol Wojtyla Sala general 08/12/2022 2 1183.42 1 001.42 K9636 2019 103191 05/01/2026 1183.42 08/12/2022 Libro Ej.4 28/04/2023
    Dewey Decimal Classification     General Biblioteca Karol Wojtyla Biblioteca Karol Wojtyla Sala general 24/05/2023 2 1149.39 2 001.42 K9636 2019 103270 05/01/2026 1149.39 24/05/2023 Libro Ej.6 13/08/2025
    Dewey Decimal Classification     General Biblioteca Karol Wojtyla Biblioteca Karol Wojtyla Sala general 24/05/2023 2 1149.39 1 001.42 K9636 2019 103269 05/01/2026 1149.39 24/05/2023 Libro Ej.5 17/02/2025